Central Library OPAC University of Rajshahi

Land planning law in a free society : (Record no. 4976)

MARC details
000 -LEADER
fixed length control field 00946cam a22002772 4500
001 - CONTROL NUMBER
control field 4976
003 - CONTROL NUMBER IDENTIFIER
rucl marc code UkOxU
005 - DATE AND TIME OF LATEST TRANSACTION
control field 20211208234003.0
008 - FIXED-LENGTH DATA ELEMENTS--GENERAL INFORMATION
fixed length control field 131224s1951 mauab b 000 0 eng
035 ## - SYSTEM CONTROL NUMBER
System control number 5012
040 ## - CATALOGING SOURCE
Original cataloging agency DLC
Transcribing agency MIA
Modifying agency SER
-- BD-RJUL
-- EQO
Language of cataloging eng
041 ## - LANGUAGE CODE
Language code of text/sound track or separate title eng
082 ## - DEWEY DECIMAL CLASSIFICATION NUMBER
Classification number 711.172
Author mark and year HAL 1951
090 ## - LOCALLY ASSIGNED LC-TYPE CALL NUMBER (OCLC); LOCAL CALL NUMBER (OCLC)
Classification number (OCLC) (R) ; Classification number, CALL (RLIN) (NR) HT169.G7
Local cutter number (OCLC) ; Book number/undivided call number, CALL (RLIN) H3x
100 1# - MAIN ENTRY--PERSONAL NAME
Personal name Haar, Charles M.
Fuller form of name (Charles Monroe),
Dates associated with a name 1920-2012.
9 (RLIN) 15667
245 10 - TITLE STATEMENT
Title Land planning law in a free society :
Remainder of title a study of the British town and country planning act /
260 ## - PUBLICATION, DISTRIBUTION, ETC. (IMPRINT)
Place of publication, distribution, etc. Cambridge :
Name of publisher, distributor, etc. Harvard University Press,
Date of publication, distribution, etc. 1951.
300 ## - PHYSICAL DESCRIPTION
Pagination xiii, 213 p.
Illustrations illus., maps.
Size 25 cm.
504 ## - BIBLIOGRAPHY, ETC. NOTE
Bibliography, etc Bibliographical references included in "Notes" (p. [173]-210)
650 #0 - SUBJECT ADDED ENTRY--TOPICAL TERM
Topical term or geographic name as entry element City planning
Geographic subdivision Great Britain.
9 (RLIN) 5728
Topical term or geographic name as entry element Regional planning
Geographic subdivision Great Britain.
9 (RLIN) 15668
Topical term or geographic name as entry element Land use
Geographic subdivision Great Britain.
9 (RLIN) 12364
830 #0 - SERIES ADDED ENTRY--UNIFORM TITLE
Uniform title Harvard legal studies
942 ## - ADDED ENTRY ELEMENTS (KOHA)
Source of classification or shelving scheme Dewey Decimal Classification
Koha item type Books
Holdings
Lost status Source of classification or shelving scheme Damaged status Not for loan Collection code Permanent Location Current Location Shelving location Date acquired Source of acquisition Cost, normal purchase price Total Checkouts Full call number Date last seen Copy number Koha item type
  Dewey Decimal Classification   Not For Loan Non-fiction Central Library, University of Rajshahi Central Library, University of Rajshahi     O.U.P 16.00   711.172 HAL 1951 24/12/2013 C-1 Books